La distribución funcional del ingreso y el sistema previsional en la Argentina, 1950-1972 (Registro nro. 16195)
[ vista simple ]
| 000 -LEADER | |
|---|---|
| fixed length control field | 00421 a2200121 4500 |
| 001 - CONTROL NUMBER | |
| control field | ART_3158 |
| 005 - DATE AND TIME OF LATEST TRANSACTION | |
| control field | 20260410161712.0 |
| 008 - FIXED-LENGTH DATA ELEMENTS--GENERAL INFORMATION | |
| fixed length control field | 260409a |
| 100 1# - MAIN ENTRY--PERSONAL NAME | |
| Personal name | Diéguez, Héctor L. |
| 245 10 - TITLE STATEMENT | |
| Title | La distribución funcional del ingreso y el sistema previsional en la Argentina, 1950-1972 |
| 700 1# - ADDED ENTRY--PERSONAL NAME | |
| Personal name | Petrecolla, Alberto |
| 773 0# - HOST ITEM ENTRY | |
| Title | Desarrollo económico |
| Related parts | - Vol. 14, Nº 55 (oct./dic. 1974) |
| Record control number | REV1174 |
No hay ítems disponibles.